[Event "Mumbai Chess Capital op"]
[Site "Mumbai"]
[Date "2019.06.30"]
[Round "7"]
[White "Kiranpal, Singh Mahajan"]
[Black "Kothari, Swapnil"]
[Result "1/2-1/2"]
[WhiteElo "1767"]
[BlackElo "1853"]
[PlyCount "98"]
[EventDate "2019.06.29"]
[EventType "swiss"]
[EventRounds "7"]
[EventCountry "IND"]
[SourceTitle "CBM 191 Extra"]
[Source "ChessBase"]
[SourceDate "2019.09.30"]
[SourceVersion "1"]
[SourceVersionDate "2019.09.30"]
[SourceQuality "1"]

1. e4 c5 2. Nf3 d6 3. d4 cxd4 4. Nxd4 Nf6 5. Nc3 g6 6. Be3 Bg7 7. f3 Nc6 8. Qd2 0-0 9. 0-0-0 Nxd4 10. Bxd4 Be6 11. Kb1 Rc8 12. g4 Qa5 13. Nd5 Qd8 14. Nxf6+ Bxf6 15. Bxf6 exf6 16. Bb5 Qc7 17. Ba4 Rfd8 18. Bb3 Bxb3 19. axb3 Qc5 20. h4 Rc6 21. Rh2 Qe5 22. h5 g5 23. h6 Rdc8 24. Re2 Kf8 25. Qe3 Qg3 26. Rd5 Qh3 27. c3 Ra6 28. Red2 Qh1+ 29. Rd1 Qxh6 30. Rxd6 Rxd6 31. Rxd6 Qh1+ 32. Ka2 Rc6 33. Rxc6 bxc6 34. Qxa7 Qxf3 35. Qa8+ Kg7 36. Qxc6 h5 37. b4 hxg4 38. b5 g3 39. e5 Qxc6 40. bxc6 g2 41. c7 g1Q 42. exf6+ Kxf6 43. c8Q Qa7+ 44. Kb1 Qg1+ 45. Kc2 Qf2+ 46. Kb3 Qb6+ 47. Kc2 Qf2+ 48. Kb3 Qb6+ 49. Kc2 Qf2+ 1/2-1/2

[Event "Mumbai Chess Capital op"]
[Site "Mumbai"]
[Date "2019.06.29"]
[Round "3"]
[White "Kiranpal, Singh Mahajan"]
[Black "Pawar, Sohum"]
[Result "1-0"]
[WhiteElo "1767"]
[BlackElo "1479"]
[PlyCount "63"]
[EventDate "2019.06.29"]
[EventType "swiss"]
[EventRounds "7"]
[EventCountry "IND"]
[SourceTitle "CBM 191 Extra"]
[Source "ChessBase"]
[SourceDate "2019.09.30"]
[SourceVersion "1"]
[SourceVersionDate "2019.09.30"]
[SourceQuality "1"]

1. e4 c5 2. Nf3 Nc6 3. d4 cxd4 4. Nxd4 Nf6 5. Nc3 d6 6. Bg5 e6 7. Qd2 Be7 8. f4 h6 9. Bxf6 Bxf6 10. Ndb5 Be7 11. 0-0-0 0-0 12. Nxd6 Qa5 13. Nc4 Qc7 14. Nb5 Qb8 15. Kb1 Rd8 16. Bd3 a6 17. Nb6 axb5 18. Nxa8 Qxa8 19. Qe2 b4 20. e5 g6 21. Qg4 Kg7 22. h4 h5 23. Qh3 Rh8 24. g4 hxg4 25. Qxg4 Rh5 26. Rdg1 Rh6 27. h5 Bc5 28. hxg6 Bxg1 29. Rxh6 Kxh6 30. Qh4+ Kg7 31. Qh7+ Kf8 32. Qxf7# 1-0